000 01173nam a2200229Ia 4500
003 Ost
005 20260416102357.0
008 260416s9999||||xx |||||||||||||| ||und||
040 _cfsecg
041 _aara
082 _a657.46
100 _aكرمية، نسرين
_eمؤلف
245 0 _aمحاضرات في مقياس المحاسبة المالية المعمقة 2 :
_bمطبوعة دروس السداسي السادس /
_c نسرين كرمية
260 _aالجزائر
_bجامعة الجزائر3: كلية العلوم الإقتصادية، العلوم التجارية وعلوم التسيير
_c2021
300 _a117 ورقة
504 _aمراجع ص.117
520 _aحالة المقاربة البنكية، جرد التثبيتات، تسوية الأعباء و الايرادات ، المؤونات و تدنيي قيم الأصول الثابتة.
653 _aالمحاسبة التحليلية
653 _aالمحاسبة المالية
710 _aجامعة الجزائر3: كلية العلوم الإقتصادية، العلوم التجارية وعلوم التسيير
_eناشر علمي
942 _cHANDOUT
999 _c41255
_d41255